Dynamic:01 : The Best of DavidLynch.com /
Compilación de cortometrajes realizados, escritos y editados por el cineasta norteamericano David Lynch y que, por mucho tiempo, sólo estuvieron disponibles a través de su página web. Incluye un segmento en que Lynch da respuesta a preguntas que ha recibido en línea. Se trata, en su mayoría, de mate...
Guardat en:
| Autor principal: | |
|---|---|
| Altres autors: | , , |
| Format: | |
| Idioma: | anglès |
| Matèries: | |
| Etiquetes: |
Sense etiquetes, Sigues el primer a etiquetar aquest registre!
|
MARC
| LEADER | 00000ngm^a2200000^a^4500 | ||
|---|---|---|---|
| 001 | 000297691 | ||
| 005 | 20250521000000.0 | ||
| 009 | 20260310112346.113 | ||
| 037 | |a Acervo ITESO - Biblioteca | ||
| 041 | |a ING | ||
| 082 | |a 810. |b LYN | ||
| 100 | |a Lynch, David |e (realización) | ||
| 245 | 1 | 0 | |a Dynamic:01 : |b The Best of DavidLynch.com / |c Realización de D. Lynch. |
| 264 | 2 | |a lugar de publicación no identificado : |b Absurda [distribución], |c 2006, c2006 | |
| 300 | |a 1 DVD sin dato de región |c (103 min.) | ||
| 336 | |a imagen móvil bidimensional |b tdi |2 rdacontenido | ||
| 337 | |a video |b v |2 rdamedio | ||
| 338 | |a videodisco |b vd |2 rdasoporte | ||
| 520 | |a Compilación de cortometrajes realizados, escritos y editados por el cineasta norteamericano David Lynch y que, por mucho tiempo, sólo estuvieron disponibles a través de su página web. Incluye un segmento en que Lynch da respuesta a preguntas que ha recibido en línea. Se trata, en su mayoría, de material experimental animado, filmado en blanco y negro. | ||
| 649 | |a XX | ||
| 650 | |a Cortometrajes y Mediometrajes Norteamericanos | ||
| 650 | |a Surrealismo | ||
| 650 | |a Cine de Animación | ||
| 650 | |a Cine Experimental | ||
| 650 | |a Cine Norteamericano | ||
| 650 | |a Cine en Blanco y Negro - |z EUA | ||
| 650 | |a Cine Independiente - |z EUA | ||
| 740 | 4 | |a The Darkened Room / |c Realización de D. Lynch. | |
| 740 | 0 | |a Boat / |c Realización de D. Lynch. | |
| 740 | 0 | |a Lamp / |c Realización de D. Lynch. | |
| 740 | 0 | |a Out Yonder : |b Neighbor Boy / |c Realización de D. Lynch. | |
| 740 | 0 | |a Industrial Soundscape / |c Realización de D. Lynch. | |
| 740 | 0 | |a Bug Crawls / |c Realización de D. Lynch. | |
| 740 | 0 | |a Intervalometer Experiments / |c Realización de D. Lynch. | |
| 740 | 0 | |a Member Questions / |c Realización de D. Lynch. | |
| 700 | |a Ladd, Jordan |e (actuación) | ||
| 700 | |a Shikata, Etsuko |e (actuación) | ||
| 700 | |a Vincent, Cerina |e (actuación) | ||
| 910 | |a Fondo General | ||
| 920 | |a Audiovisuales - DVDs | ||
| 940 | |a Películas | ||
| 905 | |a 302 | ||
| 901 | |a 0500195923 |b IT2 |c DVS |i C120992 |u 20250521 | ||
| 902 | |a https://opac.biblio.iteso.mx/vufind/Record/000297691 | ||